00678nam a2200193Ia 4500008004100000020001400041082001500055100002300070245005600093250000800149260004500157300004200202500001900244600002100263650005000284942000700334952012800341999001500469240925s9999 xx 000 0 und d a138874077 a005.43 STA aStallings, William 0aOperating Systems: internals and design principles  a3rd aNew Jersey:bPrintice- Hall Int.c,1998. axxii,617p.bNAfInternational Edition aIncludes Index aComputer Science aComputer science, information & general works cBK 001040708CSaUITUbUITUd2001-12-09ePrince Book Depog100.00l0o005.43 STApQ3769r2024-09-25 07:13:16w2024-09-25yBK c6268d6268